[Event "7. Open C.A. Ciudad los Angeles 2012"]
[Site "Madrid ESP"]
[Date "2013.05.12"]
[Round "6.9"]
[White "Magan Gonzalez, Alberto"]
[Black "Maseda Iglesias, Luis"]
[Result "1/2-1/2"]
[WhiteElo "1855"]
[BlackElo "1766"]
[PlyCount "125"]
[EventDate "2013.04.07"]
[EventType "swiss"]
[EventRounds "9"]
[EventCountry "ESP"]
[SourceTitle "Ajedrez en Madrid"]
[Source "lmi"]
[SourceDate "2013.04.07"]
[SourceVersion "1"]
[SourceVersionDate "2013.08.06"]
[SourceQuality "1"]

1. e4 e6 2. d4 d5 3. Nc3 Nf6 4. Bg5 Bb4 5. e5 h6 6. Bd2 Bxc3 7. bxc3 Ne4 8. Qg4
g6 9. Bd3 Nxd2 10. Kxd2 c5 11. Nf3 Qa5 12. h4 Nc6 13. Qf4 cxd4 14. Nxd4 Nxd4
15. Qxd4 Bd7 16. a4 O-O 17. h5 g5 18. f4 Qd8 19. Raf1 f5 20. fxg5 Qxg5+ 21. Kd1
Rf7 22. Rf4 Rg7 23. g4 fxg4 24. Bg6 Qe7 25. Rxg4 Rc8 26. Rhg1 Rc4 27. Qd3 Rxg4
28. Rxg4 Be8 29. Qe3 Bxg6 30. hxg6 h5 31. Rg1 b6 32. Qf4 Qe8 33. Qf6 h4 34.
Qxh4 Rxg6 35. Rh1 Kf8 36. Qh8+ Ke7 37. Rh7+ Kd8 38. Qxe8+ Kxe8 39. Rxa7 Rg4 40.
Ra6 Kd7 41. Rxb6 Rxa4 42. Rb4 Ra6 43. c4 dxc4 44. Rxc4 Ra5 45. Rd4+ Ke7 46. Re4
Kd7 47. Ke2 Kc6 48. Kf3 Ra2 49. c4 Kc5 50. Kf4 Ra4 51. Kg5 Rxc4 52. Re1 Kd5 53.
Kf6 Rf4+ 54. Kg5 Rf5+ 55. Kg4 Rxe5 56. Rd1+ Kc6 57. Kf4 Rd5 58. Rh1 Kd6 59. Ke4
Rc5 60. Rd1+ Rd5 61. Rxd5+ exd5+ 62. Kd4 Ke6 63. Kd3 1/2-1/2

[Event "7. Open C.A. Ciudad los Angeles 2012"]
[Site "Madrid ESP"]
[Date "2013.05.12"]
[Round "6.10"]
[White "Ramos Antona, Enrique"]
[Black "Perez Fernandez, Guillermo"]
[Result "0-1"]
[WhiteElo "1752"]
[BlackElo "1849"]
[PlyCount "110"]
[EventDate "2013.04.07"]
[EventType "swiss"]
[EventRounds "9"]
[EventCountry "ESP"]
[SourceTitle "Ajedrez en Madrid"]
[Source "lmi"]
[SourceDate "2013.04.07"]
[SourceVersion "1"]
[SourceVersionDate "2013.08.06"]
[SourceQuality "1"]

1. d4 Nf6 2. c4 e5 3. Bg5 Nc6 4. e3 Qe7 5. Bxf6 Qxf6 6. d5 Bb4+ 7. Nd2 Ne7 8.
e4 O-O 9. a3 Bc5 10. Ngf3 Qb6 11. Qe2 Qxb2 12. Rb1 Qxa3 13. Nxe5 f5 14. Nd3 Bd4
15. e5 Ng6 16. Nb3 Bc3+ 17. Kd1 Re8 18. f4 c5 19. Qc2 Bd4 20. Nxd4 cxd4 21. g3
b6 22. Rb3 Qe7 23. Bg2 d6 24. Re1 Bd7 25. Rb2 Rec8 26. e6 Be8 27. Nb4 Qc7 28.
Nc6 Ne7 29. Nxe7+ Qxe7 30. Qd3 Qc7 31. Qxd4 Qxc4 32. Qxc4 Rxc4 33. Kd2 Rac8 34.
e7 Kf7 35. Re6 R8c7 36. Kd3 R4c5 37. Kd4 Rxe7 38. Rxd6 Bb5 39. Bf3 Rc4+ 40. Kd3
Rc6+ 41. Rxb5 Rxd6 42. Kd4 Kf6 43. Rb1 g5 44. h3 gxf4 45. gxf4 Rg7 46. Rb2 Rg3
47. Bg2 Rd7 48. Rc2 Rd6 49. Bf1 Rf3 50. Bd3 Rxf4+ 51. Ke3 Rh4 52. Rc6 Rxh3+ 53.
Kd4 Rxd3+ 54. Kxd3 Rxc6 55. dxc6 Ke6 0-1

[Event "7. Open C.A. Ciudad los Angeles 2012"]
[Site "Madrid ESP"]
[Date "2013.05.12"]
[Round "6.11"]
[White "Juarez De Vena, Antonio"]
[Black "Fernandez Bonilla, M. Arcangel"]
[Result "0-1"]
[WhiteElo "1697"]
[BlackElo "1769"]
[PlyCount "88"]
[EventDate "2013.04.07"]
[EventType "swiss"]
[EventRounds "9"]
[EventCountry "ESP"]
[SourceTitle "Ajedrez en Madrid"]
[Source "lmi"]
[SourceDate "2013.04.07"]
[SourceVersion "1"]
[SourceVersionDate "2013.08.06"]
[SourceQuality "1"]

1. e4 c5 2. Nf3 d6 3. d4 cxd4 4. Nxd4 Nf6 5. Nc3 e6 6. Bg5 Be7 7. f4 Nc6 8. Bb5
Bd7 9. Bxc6 Bxc6 10. Nxc6 bxc6 11. Qf3 Qb6 12. O-O-O Rb8 13. b3 d5 14. e5 Ba3+
15. Kb1 Nd7 16. Rhe1 O-O 17. f5 exf5 18. Qxf5 Nc5 19. Be3 Qa5 20. Bd2 Bb4 21.
Re3 d4 22. Rh3 g6 23. Qf6 Bxc3 24. Bh6 Ne6 25. Qh4 Qxe5 26. Bf4 Qg7 27. Be5 f6
28. Bxb8 Rxb8 29. Qe4 Ng5 30. Qf4 Re8 31. Rg3 Qe7 32. Rxc3 dxc3 33. Qc4+ Qe6
34. Qxc3 Nf7 35. Rf1 Ne5 36. h4 Kg7 37. Qc5 Qe7 38. Qd4 Rd8 39. Qf4 Qd6 40. h5
c5 41. hxg6 hxg6 42. Rh1 Rh8 43. Rf1 Rh5 44. Kc1 Rf5 0-1

[Event "7. Open C.A. Ciudad los Angeles 2012"]
[Site "Madrid ESP"]
[Date "2013.05.12"]
[Round "6.13"]
[White "Murciano Cespedosa, Antonio"]
[Black "Salgado Duarte, Pablo"]
[Result "0-1"]
[WhiteElo "1743"]
[BlackElo "1607"]
[PlyCount "96"]
[EventDate "2013.04.07"]
[EventType "swiss"]
[EventRounds "9"]
[EventCountry "ESP"]
[SourceTitle "Ajedrez en Madrid"]
[Source "lmi"]
[SourceDate "2013.04.07"]
[SourceVersion "1"]
[SourceVersionDate "2013.08.06"]
[SourceQuality "1"]

1. d4 d5 2. Nf3 Nf6 3. c4 Bf5 4. Qb3 b6 5. e3 e6 6. cxd5 exd5 7. Ne5 Qd6 8. a3
Be7 9. Bd2 O-O 10. Nc3 a6 11. f4 Nbd7 12. Bxa6 Rxa6 13. Nb5 Nc5 14. dxc5 Qd8
15. Nc6 Qd7 16. Nxe7+ Qxe7 17. c6 Rc8 18. O-O Rd8 19. Bb4 Qe4 20. Nxc7 Ra7 21.
Nb5 Raa8 22. c7 Rd7 23. Nd6 Rxd6 24. Bxd6 Nd7 25. Rac1 Rc8 26. Rfd1 Be6 27. Qd3
Qa4 28. Qd4 Qb3 29. Qc3 Qb5 30. Qb4 Qe2 31. Re1 Qg4 32. Qa4 Nf6 33. Qd1 Qg6 34.
Qf3 Bg4 35. Qg3 Ne4 36. Qh4 f6 37. Bb4 Bf5 38. Red1 Qf7 39. Rc6 Rxc7 40. Rxb6
h6 41. Qe1 Rc2 42. Bc3 Qg6 43. Bd2 Bh3 44. g3 Qg4 45. Bc3 Rg2+ 46. Kh1 Nf2+ 47.
Qxf2 Rxf2 48. Rg1 Qf3+ 0-1

[Event "7. Open C.A. Ciudad los Angeles 2012"]
[Site "Madrid ESP"]
[Date "2013.05.12"]
[Round "6.14"]
[White "Enfedaque Jimenez, Juan Carlos"]
[Black "Sotres Menendez, Raul"]
[Result "0-1"]
[WhiteElo "1735"]
[BlackElo "1606"]
[PlyCount "70"]
[EventDate "2013.04.07"]
[EventType "swiss"]
[EventRounds "9"]
[EventCountry "ESP"]
[SourceTitle "Ajedrez en Madrid"]
[Source "lmi"]
[SourceDate "2013.04.07"]
[SourceVersion "1"]
[SourceVersionDate "2013.08.06"]
[SourceQuality "1"]

1. e4 c5 2. Nf3 d6 3. d4 cxd4 4. Nxd4 Nf6 5. Nc3 a6 6. Bg5 e6 7. f4 Be7 8. Qf3
Qc7 9. O-O-O Nc6 10. Nxc6 bxc6 11. e5 Nd5 12. Bxe7 Qxe7 13. exd6 Qxd6 14. Rd2
Bb7 15. Ne4 Qe7 16. c4 Rc8 17. Kb1 Qb4 18. cxd5 cxd5 19. Nc3 d4 20. Rxd4 Qxd4
21. Qxb7 O-O 22. Qe4 Qb6 23. Bd3 g6 24. Ka1 Rfd8 25. g4 Rd4 26. Qe2 Rcd8 27.
Bxa6 Rd2 28. Qb5 Qd6 29. Qa4 Qb6 30. Bb5 Qe3 31. f5 exf5 32. gxf5 R8d4 33. Qb3
Rf2 34. fxg6 hxg6 35. Nd1 Qc1# 0-1

[Event "7. Open C.A. Ciudad los Angeles 2012"]
[Site "Madrid ESP"]
[Date "2013.05.12"]
[Round "6.15"]
[White "Benitez Cadenas, Luis Miguel"]
[Black "Gines Sanchez, Javier"]
[Result "1-0"]
[WhiteElo "1698"]
[BlackElo "1549"]
[PlyCount "95"]
[EventDate "2013.04.07"]
[EventType "swiss"]
[EventRounds "9"]
[EventCountry "ESP"]
[SourceTitle "Ajedrez en Madrid"]
[Source "lmi"]
[SourceDate "2013.04.07"]
[SourceVersion "1"]
[SourceVersionDate "2013.08.06"]
[SourceQuality "1"]

1. d4 Nf6 2. g3 e6 3. Bg2 c5 4. Nf3 Nc6 5. O-O d5 6. c4 dxc4 7. Qa4 Qb6 8. Qxc4
cxd4 9. Rd1 Bc5 10. Nbd2 d3 11. e3 O-O 12. Nb3 Be7 13. Rxd3 Rd8 14. Nbd4 Bd7
15. Rb3 Qc7 16. Bd2 e5 17. Nb5 Qc8 18. Ng5 Be8 19. Bc3 Qf5 20. Ne4 Rac8 21.
Nxf6+ Bxf6 22. Be4 Qh5 23. Qf1 Rd7 24. h3 Rcd8 25. g4 Qh6 26. Bf5 Rd5 27. Nc7
R5d6 28. Rxb7 Bd7 29. Bc2 Bc8 30. Rb3 Ne7 31. Nb5 R6d7 32. Ba5 Re8 33. Rd3 Rb7
34. Nd6 Rxb2 35. Bb3 Rf8 36. Bc3 Rxb3 37. axb3 Be6 38. b4 Nc6 39. b5 Nb8 40.
Rxa7 Nd7 41. Kh2 Bxg4 42. Ne4 Be6 43. Rdxd7 Bxd7 44. Rxd7 Rc8 45. Qd3 Qh4 46.
b6 Rb8 47. b7 h6 48. Qc4 1-0

[Event "7. Open C.A. Ciudad los Angeles 2012"]
[Site "Madrid ESP"]
[Date "2013.05.12"]
[Round "6.17"]
[White "Caño Nieto, Jose Luis"]
[Black "Al-Zarif Zabala, Bassam"]
[Result "1/2-1/2"]
[WhiteElo "1587"]
[BlackElo "1797"]
[PlyCount "134"]
[EventDate "2013.04.07"]
[EventType "swiss"]
[EventRounds "9"]
[EventCountry "ESP"]
[SourceTitle "Ajedrez en Madrid"]
[Source "lmi"]
[SourceDate "2013.04.07"]
[SourceVersion "1"]
[SourceVersionDate "2013.08.06"]
[SourceQuality "1"]

1. d4 Nf6 2. Bf4 c5 3. dxc5 Na6 4. e3 Nxc5 5. Nf3 e6 6. Nc3 a6 7. Bd6 Bxd6 8.
Qxd6 Nce4 9. Nxe4 Nxe4 10. Qd1 O-O 11. Bd3 Qa5+ 12. c3 Nf6 13. O-O d5 14. Re1
h6 15. h3 Qc7 16. Be2 Rd8 17. Nh2 Bd7 18. Ng4 Ne4 19. Bd3 f5 20. Nh2 Nxf2 21.
Kxf2 Qxh2 22. Rh1 Qc7 23. g3 Rf8 24. Kg2 Bc6 25. Rf1 d4+ 26. Kh2 dxc3 27. Qc2
cxb2 28. Qxb2 Rad8 29. Qb3 Bd5 30. Qa3 Qe5 31. Rae1 Rc8 32. Bb1 Be4 33. Bxe4
Qxe4 34. Rf2 Rc2 35. Ree2 Rxe2 36. Rxe2 h5 37. Rf2 Qe5 38. h4 Re8 39. Qb3 Qe4
40. Rf4 Qc6 41. Rxf5 Rc8 42. Rf2 Rf8 43. Rxf8+ Kxf8 44. Qd3 Qd5 45. Qa3+ Kf7
46. Qb2 b5 47. Qc2 Qc4 48. Qf2+ Kg8 49. Qg2 Qd5 50. Qc2 a5 51. Qc8+ Kh7 52.
Qc2+ Qf5 53. e4 Qe5 54. Qe2 b4 55. Qc2 Kg6 56. Kg2 Qf6 57. Qe2 a4 58. Qc2 b3
59. axb3 a3 60. e5+ Qf5 61. Qa2 Qe4+ 62. Kh2 Qb4 63. Qc2+ Kf7 64. Qc7+ Kg8 65.
Qc8+ Kh7 66. Qc2+ Kg8 67. Qc8+ Kh7 1/2-1/2

[Event "7. Open C.A. Ciudad los Angeles 2012"]
[Site "Madrid ESP"]
[Date "2013.05.12"]
[Round "6.19"]
[White "Lopez-Andujar Ocaña, Ramon"]
[Black "Lopez Ziegler, Juan Jose"]
[Result "0-1"]
[WhiteElo "1684"]
[BlackElo "1515"]
[PlyCount "164"]
[EventDate "2013.04.07"]
[EventType "swiss"]
[EventRounds "9"]
[EventCountry "ESP"]
[SourceTitle "Ajedrez en Madrid"]
[Source "lmi"]
[SourceDate "2013.04.07"]
[SourceVersion "1"]
[SourceVersionDate "2013.08.06"]
[SourceQuality "1"]

1. e4 Nc6 2. d4 d5 3. e5 f6 4. exf6 exf6 5. Nf3 Bg4 6. Be2 Qe7 7. O-O O-O-O 8.
c3 Re8 9. Bd3 Kb8 10. Na3 Qd7 11. Nc2 Bd6 12. Ne3 Nh6 13. Nxg4 Qxg4 14. Qc2 Ne7
15. Bxh6 gxh6 16. Bxh7 Qg7 17. Bd3 Reg8 18. g3 Qg4 19. Ne1 f5 20. Be2 Qh3 21.
Bf3 f4 22. Bg2 Qh5 23. Rd1 Nf5 24. Rd3 fxg3 25. fxg3 Re8 26. Qf2 Ne7 27. Rf3
Ng6 28. Re3 Rhf8 29. Rxe8+ Rxe8 30. Bf3 Qg5 31. Nc2 Rf8 32. Qg2 c6 33. Be2 Qd2
34. Rxf8+ Nxf8 35. Bf1 Qc1 36. Qe2 Qxb2 37. Qe8+ Kc7 38. Ne3 Qxc3 39. Nf5 Nd7
40. Qg6 Bf8 41. Qg4 Nf6 42. Qf4+ Kb6 43. Qf2 Ne4 44. Qe2 a6 45. Kg2 Nd6 46.
Nxd6 Bxd6 47. Qf2 c5 48. dxc5+ Bxc5 49. Qe2 Ka5 50. Kh3 Be3 51. Qd1 d4 52. Qh5+
Bg5 53. Qe2 b5 54. Qe4 Qd2 55. Qb1 Be3 56. Qb3 Qc3 57. Qd5 Qb2 58. Bg2 Ka4 59.
Qe6 a5 60. Bf1 Bg1 61. Bg2 Ka3 62. Qxh6 d3 63. Qd6+ b4 64. Qxd3+ Kxa2 65. Bd5+
b3 66. Bg2 Qc2 67. Qb5 Qc3 68. Bd5 Bd4 69. Qa4+ Kb2 70. Kg4 Qb4 71. Qxb4 axb4
72. h4 Kc3 73. Kg5 b2 74. Be4 Kd2 75. Kf5 Kc1 76. g4 b1=Q 77. Bxb1 Kxb1 78. g5
Kc2 79. h5 b3 80. h6 b2 81. g6 b1=Q 82. g7 Kc3+ 0-1

[Event "7. Open C.A. Ciudad los Angeles 2012"]
[Site "Madrid ESP"]
[Date "2013.05.12"]
[Round "6.20"]
[White "Vivas Mariscal, Luis Miguel"]
[Black "Ballesteros Jimenez, Miguel A"]
[Result "1-0"]
[WhiteElo "1573"]
[BlackElo "1672"]
[PlyCount "111"]
[EventDate "2013.04.07"]
[EventType "swiss"]
[EventRounds "9"]
[EventCountry "ESP"]
[SourceTitle "Ajedrez en Madrid"]
[Source "lmi"]
[SourceDate "2013.04.07"]
[SourceVersion "1"]
[SourceVersionDate "2013.08.06"]
[SourceQuality "1"]

1. Nf3 g6 2. d4 Bg7 3. e4 c5 4. Bc4 cxd4 5. Nxd4 Nc6 6. Be3 Nf6 7. Nc3 Qa5 8.
O-O O-O 9. f4 d6 10. Nxc6 bxc6 11. Rb1 Ng4 12. Bd4 e5 13. b4 Qd8 14. fxe5 dxe5
15. Bc5 Qg5 16. Bxf8 Ne3 17. Qf3 Kh8 18. Bxg7+ Kxg7 19. Qxf7+ Kh6 20. Qf8+ Kh5
21. Be2+ Bg4 22. Bxg4+ Qxg4 23. Qf3 Nxf1 24. Qxg4+ Kxg4 25. Rxf1 Rd8 26. h3+
Kg5 27. Rf2 Kh4 28. Kh2 Rd4 29. a3 Rc4 30. Rf3 Rd4 31. g3+ Kg5 32. Kg2 Rc4 33.
g4 Kh4 34. Kf2 a6 35. Ke2 h6 36. Rd3 h5 37. gxh5 Kxh5 38. Kd2 Kh4 39. Kc1 g5
40. Kb2 c5 41. Kb3 Rd4 42. Rxd4 cxd4 43. Ne2 Kxh3 44. Kc4 Kg4 45. c3 Kf3 46.
Kd3 g4 47. cxd4 exd4 48. Nxd4+ Kf4 49. a4 g3 50. Ne2+ Kg4 51. Nxg3 Kf4 52. Kd4
Kg5 53. Ke5 Kg6 54. Ke6 Kg5 55. e5 Kg6 56. Kd7 1-0

[Event "7. Open C.A. Ciudad los Angeles 2012"]
[Site "Madrid ESP"]
[Date "2013.05.12"]
[Round "6.21"]
[White "Gines Martinez, Andres"]
[Black "Sorribes Calle, Pablo"]
[Result "0-1"]
[WhiteElo "1510"]
[BlackElo "1663"]
[PlyCount "98"]
[EventDate "2013.04.07"]
[EventType "swiss"]
[EventRounds "9"]
[EventCountry "ESP"]
[SourceTitle "Ajedrez en Madrid"]
[Source "lmi"]
[SourceDate "2013.04.07"]
[SourceVersion "1"]
[SourceVersionDate "2013.08.06"]
[SourceQuality "1"]

1. e4 e5 2. Nf3 Nc6 3. Bb5 a6 4. Ba4 Nf6 5. d3 b5 6. Bb3 Be7 7. Bg5 O-O 8. h3
d6 9. Nbd2 Na5 10. Bxf6 Bxf6 11. c3 Nxb3 12. Nxb3 c5 13. c4 Bb7 14. Qe2 Be7 15.
O-O f5 16. Nbd2 Qc7 17. a4 b4 18. b3 Bc6 19. Rfd1 Bd7 20. Nf1 f4 21. Kh2 g5 22.
g4 fxg3+ 23. Nxg3 g4 24. Ng1 gxh3 25. Nf5 Bxf5 26. exf5 Rxf5 27. Nxh3 Kh8 28.
Rg1 Raf8 29. Qg4 R5f7 30. Rg2 Bf6 31. Rag1 Qd8 32. Qh5 Qe7 33. Qh6 e4 34. dxe4
Qxe4 35. Rg4 Be5+ 36. f4 Bf6 37. Ng5 Bxg5 38. Qxg5 Qe8 39. f5 Qd8 40. Qh6 Qf6
41. Rg6 Qxf5 42. Rxd6 Qe5+ 43. Kh1 Rf5 44. Rg5 Qe4+ 45. Rg2 Rf1+ 46. Kh2 Qe5+
47. Kh3 Rh1+ 48. Kg4 Rxh6 49. Rxh6 Qg7+ 0-1

[Event "7. Open C.A. Ciudad los Angeles 2012"]
[Site "Madrid ESP"]
[Date "2013.05.12"]
[Round "6.26"]
[White "Pablos Ceruelo, Oscar"]
[Black "Cortijo Manso, Luis"]
[Result "0-1"]
[WhiteElo "1390"]
[BlackElo "1520"]
[PlyCount "72"]
[EventDate "2013.04.07"]
[EventType "swiss"]
[EventRounds "9"]
[EventCountry "ESP"]
[SourceTitle "Ajedrez en Madrid"]
[Source "lmi"]
[SourceDate "2013.04.07"]
[SourceVersion "1"]
[SourceVersionDate "2013.08.06"]
[SourceQuality "1"]

1. e4 c5 2. c4 Nc6 3. Nc3 Nf6 4. f4 d6 5. d3 e6 6. Nf3 Be7 7. h3 Nh5 8. Be3
Bh4+ 9. Nxh4 Qxh4+ 10. Bf2 Ng3 11. Qd2 Ne7 12. Qe3 Nxf1 13. Rxf1 Qh6 14. Qg3
Qg6 15. Nb5 O-O 16. Nxd6 Qxg3 17. Bxg3 Nc6 18. O-O-O Nd4 19. Rf2 a6 20. e5 f6
21. Ne4 fxe5 22. fxe5 Rxf2 23. Bxf2 Ne2+ 24. Kd2 Nf4 25. Rg1 b6 26. a3 Bb7 27.
Be3 Ng6 28. Ng5 Nxe5 29. Nxe6 a5 30. d4 Nxc4+ 31. Kd3 Nxb2+ 32. Kc3 cxd4+ 33.
Bxd4 Na4+ 34. Kb3 b5 35. Nxg7 Rd8 36. Nf5 Bd5+ 0-1

[Event "7. Open C.A. Ciudad los Angeles 2012"]
[Site "Madrid ESP"]
[Date "2013.05.19"]
[Round "7.2"]
[White "Ruiz Sanchez, Roberto"]
[Black "Rodriguez Dorado, Victor"]
[Result "0-1"]
[WhiteElo "1981"]
[BlackElo "1924"]
[PlyCount "70"]
[EventDate "2013.04.07"]
[EventType "swiss"]
[EventRounds "9"]
[EventCountry "ESP"]
[SourceTitle "Ajedrez en Madrid"]
[Source "lmi"]
[SourceDate "2013.04.07"]
[SourceVersion "1"]
[SourceVersionDate "2013.08.06"]
[SourceQuality "1"]

1. e4 c5 2. Nf3 d6 3. d4 cxd4 4. Nxd4 Nf6 5. Nc3 g6 6. Bc4 Bg7 7. f3 O-O 8. Be3
Bd7 9. Qd2 Nc6 10. O-O-O Rb8 11. h4 b5 12. Ndxb5 Ne5 13. Be2 Qa5 14. Nd4 Rfc8
15. g4 Bxg4 16. fxg4 Nxe4 17. Nxe4 Qxa2 18. Qc3 Rxc3 19. bxc3 d5 20. Nf2 Nc4
21. Bxc4 Qxc4 22. Nf3 Bxc3 23. Rd3 e5 24. Nd2 Qb4 25. Nb3 d4 26. Bg5 Qa3+ 27.
Kd1 Qa6 28. Ke2 Qa2 29. Nc5 Qxc2+ 30. Kf3 Rb2 31. Nce4 f5 32. gxf5 gxf5 33.
Nf6+ Kf7 34. Rf1 Qe2+ 35. Kg2 Qxd3 0-1

[Event "7. Open C.A. Ciudad los Angeles 2012"]
[Site "Madrid ESP"]
[Date "2013.05.19"]
[Round "7.3"]
[White "Lobato Rivero, Carlos"]
[Black "Largo Barbero, Benito"]
[Result "1/2-1/2"]
[WhiteElo "1964"]
[BlackElo "1879"]
[PlyCount "85"]
[EventDate "2013.04.07"]
[EventType "swiss"]
[EventRounds "9"]
[EventCountry "ESP"]
[SourceTitle "Ajedrez en Madrid"]
[Source "lmi"]
[SourceDate "2013.04.07"]
[SourceVersion "1"]
[SourceVersionDate "2013.08.06"]
[SourceQuality "1"]

1. e4 e6 2. d4 d5 3. e5 c5 4. c3 Nc6 5. Nf3 Qb6 6. Bd3 Bd7 7. Bc2 cxd4 8. cxd4
Nb4 9. O-O Nxc2 10. Qxc2 Ne7 11. Be3 Nc6 12. Nc3 Rc8 13. Rfc1 Na5 14. Nd2 Be7
15. a3 O-O 16. b4 Nc4 17. Nxc4 Rxc4 18. Qd2 Rfc8 19. Ne2 Ba4 20. Rxc4 Rxc4 21.
Rc1 Qc7 22. Nc3 Bd7 23. Ne2 a5 24. bxa5 Bxa3 25. Rxc4 Qxc4 26. Qe1 Bb5 27. Ng3
Bb2 28. Qf1 Qxf1+ 29. Nxf1 Bxf1 30. Kxf1 Bc3 31. Ke2 Bxa5 32. Kd3 Kf8 33. g4
Ke8 34. Kc2 Kd7 35. Kb3 f6 36. f4 fxe5 37. fxe5 g6 38. h3 Be1 39. Ka4 Kc6 40.
Kb3 Kb5 41. Bg1 h5 42. Be3 hxg4 43. hxg4 1/2-1/2

[Event "7. Open C.A. Ciudad los Angeles 2012"]
[Site "Madrid ESP"]
[Date "2013.05.19"]
[Round "7.4"]
[White "Soto Martin, Miguel"]
[Black "Tirado Parra, Alberto"]
[Result "0-1"]
[WhiteElo "1524"]
[BlackElo "1896"]
[PlyCount "108"]
[EventDate "2013.04.07"]
[EventType "swiss"]
[EventRounds "9"]
[EventCountry "ESP"]
[SourceTitle "Ajedrez en Madrid"]
[Source "lmi"]
[SourceDate "2013.04.07"]
[SourceVersion "1"]
[SourceVersionDate "2013.08.06"]
[SourceQuality "1"]

1. d4 d5 2. Nf3 Nf6 3. c4 dxc4 4. Nc3 e6 5. e3 c5 6. Bxc4 a6 7. a3 b5 8. Bd3
Bb7 9. dxc5 Bxc5 10. Be2 O-O 11. O-O Qc7 12. Qc2 Nbd7 13. b4 Bd6 14. h3 Rac8
15. Bb2 Nb6 16. Rac1 Na4 17. Ba1 Nd5 18. Bd3 Ndxc3 19. Bxh7+ Kh8 20. Bxc3 Qxc3
21. Qxc3 Nxc3 22. Bd3 Bxf3 23. gxf3 Rfd8 24. Kg2 Bxb4 25. Bxb5 axb5 26. axb4
Nd5 27. Rc5 Rxc5 28. bxc5 b4 29. Rb1 Rc8 30. e4 Nf4+ 31. Kg3 Nd3 32. Rb3 Nxc5
33. Rxb4 e5 34. f4 exf4+ 35. Kg4 Nd3 36. Rb7 f6 37. Rb3 Rd8 38. h4 Kh7 39. f3
Rd7 40. Ra3 Ne5+ 41. Kxf4 Rd3 42. Rxd3 Nxd3+ 43. Kf5 Kh6 44. f4 Kh5 45. e5 fxe5
46. fxe5 Nxe5 47. Kxe5 Kxh4 48. Kf4 g5+ 49. Kf3 Kh3 50. Kf2 g4 51. Kg1 Kg3 52.
Kh1 Kf2 53. Kh2 g3+ 54. Kh1 g2+ 0-1

[Event "7. Open C.A. Ciudad los Angeles 2012"]
[Site "Madrid ESP"]
[Date "2013.05.19"]
[Round "7.5"]
[White "Brull Cortes, Boris"]
[Black "Fernandez Bonilla, M. Arcangel"]
[Result "1-0"]
[WhiteElo "1953"]
[BlackElo "1769"]
[PlyCount "113"]
[EventDate "2013.04.07"]
[EventType "swiss"]
[EventRounds "9"]
[EventCountry "ESP"]
[SourceTitle "Ajedrez en Madrid"]
[Source "lmi"]
[SourceDate "2013.04.07"]
[SourceVersion "1"]
[SourceVersionDate "2013.08.06"]
[SourceQuality "1"]

1. d4 Nf6 2. Nc3 d5 3. Bg5 e6 4. e4 dxe4 5. Nxe4 Be7 6. Bxf6 Bxf6 7. Nf3 Bd7 8.
Bd3 Bc6 9. c3 Nd7 10. Qe2 Qe7 11. O-O O-O 12. Rfe1 Rad8 13. b4 b6 14. a4 a5 15.
bxa5 bxa5 16. Qd2 g6 17. Qf4 Bxe4 18. Bxe4 Qd6 19. Qc1 c5 20. Qa3 Qc7 21. Rab1
Rb8 22. Rb5 Rxb5 23. axb5 cxd4 24. cxd4 Rc8 25. Bc6 Nb8 26. Rc1 Be7 27. Qe3 Qb6
28. Ne5 Bf6 29. Nc4 Qxd4 30. Qxd4 Bxd4 31. Nxa5 Bb6 32. Nc4 Bd8 33. Nd6 Rc7 34.
Nb7 Be7 35. Kf1 Nxc6 36. bxc6 Kf8 37. Rc4 f5 38. f4 Kf7 39. Ke2 Kf6 40. Kd3 e5
41. fxe5+ Kxe5 42. Na5 Bd6 43. Rd4 Ke6 44. Kc4 Bxh2 45. Kb5 g5 46. Nb7 h5 47.
Nc5+ Ke7 48. Rd5 Kf6 49. Kb6 Re7 50. Nd7+ Ke6 51. Rd3 Bd6 52. Nf8+ Kf7 53. Rxd6
Kxf8 54. c7 Rxc7 55. Kxc7 Kf7 56. Kc6 h4 57. Kd5 1-0

[Event "7. Open C.A. Ciudad los Angeles 2012"]
[Site "Madrid ESP"]
[Date "2013.05.19"]
[Round "7.6"]
[White "Crespo Villalba, Israel"]
[Black "Fernandez Rodriguez, Fernando J"]
[Result "1-0"]
[WhiteElo "1921"]
[BlackElo "1760"]
[PlyCount "62"]
[EventDate "2013.04.07"]
[EventType "swiss"]
[EventRounds "9"]
[EventCountry "ESP"]
[SourceTitle "Ajedrez en Madrid"]
[Source "lmi"]
[SourceDate "2013.04.07"]
[SourceVersion "1"]
[SourceVersionDate "2013.08.06"]
[SourceQuality "1"]

1. d4 d5 2. Nf3 Nf6 3. g3 e6 4. Bg2 Be7 5. O-O O-O 6. b3 c5 7. dxc5 Bxc5 8. Bb2
Nbd7 9. Nbd2 b6 10. c4 Bb7 11. Ne1 Be7 12. cxd5 Bxd5 13. e4 Bb7 14. e5 Nd5 15.
Nef3 Rc8 16. Rc1 Nc5 17. Nc4 b5 18. Nd6 Bxd6 19. exd6 f6 20. Nd4 Qd7 21. Bh3 f5
22. Qe2 Ba6 23. Rxc5 Rxc5 24. Nxe6 Qxd6 25. Nxc5 Qxc5 26. Qe6+ Kh8 27. Qxa6 f4
28. Rc1 Qe7 29. Qe6 fxg3 30. hxg3 Qxe6 31. Bxe6 Nb4 1-0

[Event "7. Open C.A. Ciudad los Angeles 2012"]
[Site "Madrid ESP"]
[Date "2013.05.19"]
[Round "7.7"]
[White "Vazquez Moreno, Luis"]
[Black "Perez Fernandez, Guillermo"]
[Result "1/2-1/2"]
[WhiteElo "1729"]
[BlackElo "1849"]
[PlyCount "103"]
[EventDate "2013.04.07"]
[EventType "swiss"]
[EventRounds "9"]
[EventCountry "ESP"]
[SourceTitle "Ajedrez en Madrid"]
[Source "lmi"]
[SourceDate "2013.04.07"]
[SourceVersion "1"]
[SourceVersionDate "2013.08.06"]
[SourceQuality "1"]

1. d4 Nf6 2. c4 g6 3. Nc3 Bg7 4. Bg5 O-O 5. e4 d6 6. Bd3 c5 7. dxc5 dxc5 8. e5
Nfd7 9. Nd5 f6 10. exf6 exf6 11. Be3 Re8 12. Ne2 Nc6 13. O-O Nce5 14. Nec3 Nxd3
15. Qxd3 a6 16. Bf4 Ne5 17. Bxe5 Rxe5 18. Rfe1 Bf5 19. Qf3 Qe8 20. Rxe5 Qxe5
21. Qe3 Qxe3 22. Nxe3 Be6 23. Rd1 f5 24. Rd6 Re8 25. g3 Bxc3 26. bxc3 Kf7 27.
Rb6 Bc8 28. a4 Re6 29. Nd5 Rxb6 30. Nxb6 Be6 31. a5 Ke7 32. h4 Kd6 33. Kg2 Ke5
34. Kf3 h6 35. Ke3 g5 36. hxg5 hxg5 37. f4+ gxf4+ 38. gxf4+ Kd6 39. Kf3 Bd7 40.
Kg3 Bc6 41. Kh4 Be4 42. Kg5 Ke6 43. Na4 Kd6 44. Kf6 Bd3 45. Nb6 Bc2 46. Kf7 Bd3
47. Ke8 Ke6 48. Kd8 Kd6 49. Kc8 Kc6 50. Kb8 Be2 51. Kc8 Bf3 52. Kb8 1/2-1/2

[Event "7. Open C.A. Ciudad los Angeles 2012"]
[Site "Madrid ESP"]
[Date "2013.05.19"]
[Round "7.8"]
[White "Marcos Herrero, Francisco"]
[Black "Martin Garcia, Francisco J"]
[Result "1-0"]
[WhiteElo "1912"]
[BlackElo "1698"]
[PlyCount "63"]
[EventDate "2013.04.07"]
[EventType "swiss"]
[EventRounds "9"]
[EventCountry "ESP"]
[SourceTitle "Ajedrez en Madrid"]
[Source "lmi"]
[SourceDate "2013.04.07"]
[SourceVersion "1"]
[SourceVersionDate "2013.08.06"]
[SourceQuality "1"]

1. d4 Nf6 2. c4 g6 3. g3 d5 4. cxd5 Nxd5 5. Bg2 Bg7 6. Nf3 O-O 7. O-O Nc6 8.
Nc3 Nb6 9. e3 Na5 10. Qc2 Nac4 11. b3 Nd6 12. e4 a5 13. Bg5 a4 14. h3 axb3 15.
axb3 Rxa1 16. Rxa1 Bd7 17. Ra5 c6 18. Qa2 h6 19. Be3 Be6 20. Ra7 Qc7 21. Nd2
Rd8 22. Na4 Ndc8 23. Nxb6 Nxb6 24. Nf3 Bc8 25. Qa5 c5 26. dxc5 Rd1+ 27. Kh2 Qc6
28. Qxb6 Qxe4 29. Nd2 Qd3 30. Ra8 Qf5 31. Qd8+ Kh7 32. Rxc8 1-0